1999 1090 1878 1719 1056 1572 1237 1505 1162 1059 1369 1170 1022 1261 1219 1553 1176 1941 1603 1061 1389 1249 1469 1764 1730 1773 1793 1247 1952 1874 1416 1388 1070 1646 1988 1333 1341 1002 1336 1442 1590 1165 1157 1198 1921 1279 1500 1928 1997 1243 1281 1361 1158 1432 1130 1560 1087 1102 1137 1353 1373 1393 1299 1443 1895 1280 1263 1798 1004 1917 1102 1855 1202 1435 1258 1396 1419 1504 1111 1013 1634 1182 1935 1319 1209 1074 1713 1503 1887 1253 1725 1776 1440 1863 1227 1558 1170 1759 1720 BCNSPRNW ULIB Ver.6.0+V

เปลี่ยนเป็นภาษาไทย

Change to English
 แสดงรายละเอียดบรรณานุกรม
  กลับหน้าหลัก

Brief Record : Get Marc (ISO 2709) : E-mail record : QR code < ปิดหน้าต่าง
LEADER : 00000nam 2200000uu 4500
001    13399113566
003     ULIB
008    111128s2552||||th 000 0 tha d
020    ^a9786117059049
090    ^aนว.^bร191ฟ 2552
100 0  ^aร้อยเรียงฝัน
245 00 ^aไฟเสน่หา/^cร้อยเรียงฝัน
250    ^aพิมพ์ครั้งที่ 2
260    ^aกรุงเทพฯ :^bivy,^c2552
300    ^a413 หน้า
710 1  ^aivy
945    ^p270^l0^i16418
995    ^aกัณชพร
999    ^aใช้งานได้ทุกระบบ
รายการนี้ยังไม่มีแท็ก
คุณยังไม่ได้ล็อกอิน คุณสามารถมีกิจกรรมร่วมกับเว็บไซต์ได้ แต่ต้องล็อกอินก่อน ::
  ล็อกอิน

รายการสื่อสารสนเทศ

ลำดับที่ ประเภท เลขเรียก/บาร์โค้ด สถานที่ สถานะ
1. นวนิยาย
นวนิยาย
นว. ร191ฟ 2552  
  Barcode: 16418
ห้องสมุดวิทยาเขตสวรรค์ประชารักษ์
►นวนิยาย
บนชั้น
  ขอยืม

BibComment


ยังไม่เคยถูกคอมเมนท์

คอมเมนท์ทรัพยากรรายการนี้
  คอมเมนท์: ไฟเสน่หา ร้อยเรี..


 Copyright 2026. Bcnsprnw @Library